000 01225naa a2200337 c 4500
999 _c49631
_d49631
001 49631
003 ES-MaCES
005 20170727125600.0
008 170705s2017 sp ||||| t||||||| ||spa d
040 _aES-MaCES
_bspa
_cES-MaCES
_dES-MaCES
100 1 _938359
_aTarrés Chamorro, Sol
245 1 1 _a¿Musulmanes o inmigrantes? La institucionalización del islam en España (1860-1992)
_cSol Tarrés Chamorro, Javier Rosón Lorente
500 _aResumen
504 _aBibliografía: p. 184-185
650 4 _927334
_aislam
650 4 _928590
_aárabe
650 4 _928595
_acomunidad
650 4 _927196
_aorganización institucional
650 4 _927308
_aasociación
650 4 _927284
_aparticipación social
650 4 _927251
_ahistoria
650 4 _927119
_acolonialismo
650 4 _926831
_aAfrica del Norte
650 4 _926964
_aEspaña
650 4 _938361
_a1860-1992
653 1 0 _aCiencias Sociales-Políticas
700 1 _938360
_aRosón Lorente, Javier
773 0 _986215
_dBarcelona CIDOB
_o089112
_tRevista CIDOB d'afers internacionals
_w(ES-MaCES)25976
_gNueva ép., n. 115 (abr. 2017) {55/1022 R. 089112} ;p. 165-185
902 _aART Artículo de revista
942 _2CES
_cAR
_h7.0.